000
00300nam a2200121Ia 4500
008
220204s9999 xx 000 0 und d
082
_a
681.31
_b
MEH
100
_a
Bharat
245
0
_a
All about business computer systems
260
_a
Bombay
_b
Jaico
_c
1978
650
_a
Business computer
942
_c
BK
999
_c
33602
_d
33602